=LDR 00000nam 2200000 4500 =001 INLIS000000000000912 =005 20130612085330 =008 ***********************************Ind** =035 ##$$0010-061300000000912 =041 ##$$a Ind =082 ##$$a 303.495 985 =090 ##$$a 303.495 985, Ali-p =100 ##$$a Ali, Yacub =245 ##$$a Perkembangan masyarakat akibat pertumbuhan industri didaerah NTB, Jacub Ali, Kisman Pangeran, Sjamsidar; editor HRJ. Siregar =260 ##$$a 1991 $b Jakarta =300 ##$$a xiii, 81 hlm, 23 cm =650 ##$$a Sosial =650 ##$$a Perubahan =700 ##$$a Siregar, HRJ =850 ##$$a NBPNMAT